Catálogo público

Agua para el desarrollo : (Record no. 94861)

MARC details
000 -CABECERA
campo de control de longitud fija 01820nam a22004337a 4500
003 - IDENTIFICADOR DEL NÚMERO DE CONTROL
campo de control CHAP
005 - FECHA Y HORA DE LA ÚLTIMA TRANSACCIÓN
campo de control 20220329143320.0
008 - DATOS DE LONGITUD FIJA--INFORMACIÓN GENERAL
campo de control de longitud fija 080528s2007 mx a r 00010 spa d
010 ## - NÚMERO DE CONTROL DE LA BIBLIOTECA DEL CONGRESO
Número de control de LC 94861
011 ## - ENLACE DEL NUMERO DE CONTROL DE LA BIBLIOTECA DEL CONGRESO [OBSOLETO]
Número de control de LC 95833
020 ## - NÚMERO INTERNACIONAL ESTÁNDAR DEL LIBRO
Número Internacional Estándar del Libro 9688395374
035 ## - NÚMERO DE CONTROL DEL SISTEMA
Número de control de sistema 106464
040 ## - FUENTE DE LA CATALOGACIÓN
Centro/agencia transcriptor CHAP
082 04 - NÚMERO DE LA CLASIFICACIÓN DECIMAL DEWEY
Número de clasificación 628.1
Número de documento/Ítem J5 2007
100 00 - ENTRADA PRINCIPAL--NOMBRE DE PERSONA
Nombre de persona Jiménez Merino, Alberto.
9 (RLIN) 61593
245 10 - MENCIÓN DE TÍTULO
Título Agua para el desarrollo :
Resto del título más agua siempre para todos
Mención de responsabilidad, etc. /por F. Alberto Jiménez Merino
250 ## - MENCIÓN DE EDICIÓN
Mención de edición 3 ed.
260 ## - PUBLICACIÓN, DISTRIBUCIÓN, ETC.
Lugar de publicación, distribución, etc. Puebla, Mex. :
Nombre del editor, distribuidor, etc. Gobierno del Estado de Puebla,
Fecha de publicación, distribución, etc. 2007
300 ## - DESCRIPCIÓN FÍSICA
Extensión 339 p. :
Otras características físicas ilus.
590 ## - NOTA LOCAL (RLIN)
Nota local BATCH-UPD
Procedencia (VM) [OBSOLETO] 10
Condición del los carretes individuales (VM) [OBSOLETO] 20130110
-- UCH01
-- 1750
590 ## - NOTA LOCAL (RLIN)
Nota local BATCH-UPD
Procedencia (VM) [OBSOLETO] 10
Condición del los carretes individuales (VM) [OBSOLETO] 20130410
-- UCH01
-- 1034
590 ## - NOTA LOCAL (RLIN)
Nota local BATCH-UPD
Procedencia (VM) [OBSOLETO] 10
Condición del los carretes individuales (VM) [OBSOLETO] 20130914
-- UCH01
-- 1704
590 ## - NOTA LOCAL (RLIN)
Nota local CONVERSION
Procedencia (VM) [OBSOLETO] 10
Condición del los carretes individuales (VM) [OBSOLETO] 20130109
-- UCH01
-- 1352
650 14 - PUNTO DE ACCESO ADICIONAL DE MATERIA--TÉRMINO DE MATERIA
Término de materia o nombre geográfico como elemento de entrada Agua de lluvia
Subdivisión general Almacenamiento.
9 (RLIN) 2413
650 14 - PUNTO DE ACCESO ADICIONAL DE MATERIA--TÉRMINO DE MATERIA
Término de materia o nombre geográfico como elemento de entrada Agua
Subdivisión general Abastecimiento
-- Puebla.
9 (RLIN) 2259
650 14 - PUNTO DE ACCESO ADICIONAL DE MATERIA--TÉRMINO DE MATERIA
Término de materia o nombre geográfico como elemento de entrada Agua
Subdivisión general Aprovechamiento
-- Puebla.
9 (RLIN) 2300
650 14 - PUNTO DE ACCESO ADICIONAL DE MATERIA--TÉRMINO DE MATERIA
Término de materia o nombre geográfico como elemento de entrada Agua
Subdivisión general Utilizacion
-- Puebla.
9 (RLIN) 2410
650 14 - PUNTO DE ACCESO ADICIONAL DE MATERIA--TÉRMINO DE MATERIA
Término de materia o nombre geográfico como elemento de entrada Aguas residuales
Subdivisión general Purificacion.
9 (RLIN) 2588
650 14 - PUNTO DE ACCESO ADICIONAL DE MATERIA--TÉRMINO DE MATERIA
Término de materia o nombre geográfico como elemento de entrada Presas de tierra.
9 (RLIN) 91510
901 ## - ELEMENTOS DE DATOS A LOCAL LDA (RLIN)
a BK
942 ## - ELEMENTOS DE PUNTO DE ACCESO ADICIONAL (KOHA)
Tipo de ítem Koha Libro
949 ## - PROCESAMIENTO DE INFORMACIÓN LOCAL (OCLC)
a 628.1 J5 2007
b BC
c LIBRO
d 33724002056850
e LIBRO
f c.3
g DonaciØn
h 109530
i 106464
s i
949 ## - PROCESAMIENTO DE INFORMACIÓN LOCAL (OCLC)
a 628.1 J5 2007
b BC
c LIBRO
d 33724002056892
e LIBRO
f c.4
g DonaciØn
h 109531
i 106464
s b
949 ## - PROCESAMIENTO DE INFORMACIÓN LOCAL (OCLC)
a 628.1 J5 2007
b BC
c LIBRO
d 33724002056934
e LIBRO
f c.5
g DonaciØn
h 109532
i 106464
s i
949 ## - PROCESAMIENTO DE INFORMACIÓN LOCAL (OCLC)
a 628.1 J5 2007
b BC
c LIBRO
d 33724002056975
e LIBRO
f c.2
g DonaciØn
h 109529
i 106464
s i
949 ## - PROCESAMIENTO DE INFORMACIÓN LOCAL (OCLC)
a 628.1 J5 2007
b BC
c LIBRO
d 33724002057488
e LIBRO
f c.7
g DonaciØn
h 109534
i 106464
s i
949 ## - PROCESAMIENTO DE INFORMACIÓN LOCAL (OCLC)
a 628.1 J5 2007
b BC
c LIBRO
d 33724002057520
e LIBRO
f c.6
g DonaciØn
h 109533
i 106464
s i
949 ## - PROCESAMIENTO DE INFORMACIÓN LOCAL (OCLC)
a 628.1 J5 2007
b BC
c UACH
d 33724002057710
e UACH
g DonaciØn
h 109566
i 106464
s b
Holdings
Estado de retiro Estado de pérdida Fuente del sistema de clasificación o colocación Estado dañado Restricciones de uso No para préstamo Código de colección Localización permanente Ubicación/localización actual Ubicación en estantería Fecha de adquisición Fuente de adquisición Información codificada de la localización en otra ubicación Total de préstamos Signatura topográfica completa Código de barras Fecha visto por última vez Número de copia Precio válido a partir de Tipo de ítem Koha Número de inventario
    Dewey Decimal Classification   Préstamo 15 días   General Biblioteca Central Biblioteca Central Planta principal - Colección General 31/12/2019 Donacion LIBRO   628.1 J5 2007 33724002056850 31/12/2019 c.3 31/12/2019 Libro  
    Dewey Decimal Classification   Préstamo 15 días   General Biblioteca Central Biblioteca Central Planta principal - Colección General 31/12/2019 Donacion LIBRO   628.1 J5 2007 33724002056892 31/12/2019 c.4 31/12/2019 Libro  
    Dewey Decimal Classification   Préstamo 15 días   General Biblioteca Central Biblioteca Central Planta principal - Colección General 31/12/2019 Donacion LIBRO   628.1 J5 2007 33724002056934 31/12/2019 c.5 31/12/2019 Libro  
    Dewey Decimal Classification   Préstamo 15 días   General Biblioteca Central Biblioteca Central Planta principal - Colección General 31/12/2019 Donacion LIBRO   628.1 J5 2007 33724002056975 31/12/2019 c.2 31/12/2019 Libro  
    Dewey Decimal Classification   Préstamo 15 días   General Biblioteca Central Biblioteca Central Planta principal - Colección General 31/12/2019 Donacion LIBRO   628.1 J5 2007 33724002057488 31/12/2019 c.7 31/12/2019 Libro  
    Dewey Decimal Classification   Préstamo 15 días   General Biblioteca Central Biblioteca Central Planta principal - Colección General 31/12/2019 Donacion LIBRO   628.1 J5 2007 33724002057520 31/12/2019 c.6 31/12/2019 Libro  
        Préstamo 3 días   Publicaciones UACh Biblioteca Central Biblioteca Central Planta alta - Área de Tesis - UACh 31/12/2019 Donacion LIBRO   628.1 J5 2007 33724002477728 31/12/2019   31/12/2019 Libro 127